[Event "ESP-ch op"]
[Site "Ayamonte"]
[Date "2002.10.09"]
[Round "6"]
[White "Mellado Trivino, Juan"]
[Black "Garcia Garcia, Ruben"]
[Result "1/2-1/2"]
[WhiteElo "2459"]
[BlackElo "2263"]
[PlyCount "55"]
[EventDate "2002.10.04"]
[EventType "swiss"]
[EventRounds "9"]
[EventCountry "ESP"]
[SourceTitle "EXT 2005"]
[Source "ChessBase"]
[SourceDate "2004.11.15"]
[SourceVersion "1"]
[SourceVersionDate "2004.11.15"]
[SourceQuality "1"]

1. d4 Nf6 2. c4 g6 3. Nc3 Bg7 4. e4 d6 5. f4 0-0 6. Nf3 c5 7. dxc5 Qa5 8. Bd3 Qxc5 9. Qe2 Bg4 10. Be3 Qa5 11. 0-0 Nc6 12. Rac1 Nd7 13. Qd2 Bxf3 14. Rxf3 Nc5 15. Bb1 Na4 16. Nxa4 Qxa4 17. Bf2 Qa5 18. Qxa5 Nxa5 19. b3 Nc6 20. Rd1 Rfd8 21. a3 a5 22. Kf1 Bb2 23. b4 axb4 24. axb4 e5 25. Bh4 Re8 26. Rxd6 Ra1 27. Rd1 exf4 28. Rxf4 1/2-1/2

[Event "ESP-ch Universities"]
[Site "Torrelavega"]
[Date "2002.04.24"]
[Round "7.10"]
[White "Perez Aranda, Leonardo"]
[Black "Garcia Garcia, Ruben"]
[Result "0-1"]
[WhiteElo "2147"]
[BlackElo "2260"]
[PlyCount "51"]
[EventDate "2002.04.22"]
[EventType "swiss"]
[EventRounds "9"]
[EventCountry "ESP"]
[SourceTitle "CBM 088 Extra"]
[Source "ChessBase"]
[SourceDate "2002.07.01"]
[SourceVersion "2"]
[SourceVersionDate "2002.07.01"]
[SourceQuality "1"]

1. e4 c5 2. Nf3 Nc6 3. d4 cxd4 4. Nxd4 Nf6 5. Nc3 e5 6. Ndb5 d6 7. Nd5 Nxd5 8. exd5 Nb8 9. c3 Be7 10. a4 0-0 11. Be2 f5 12. 0-0 g5 13. g3 Nd7 14. f4 a6 15. Na3 gxf4 16. gxf4 Kh8 17. Nc4 Rb8 18. Be3 b6 19. Qd2 Bb7 20. Bf3 Qc7 21. Na3 Nc5 22. Qd1 Bf6 23. Nc2 Rf7 24. Kh1 Rg8 25. Ne1 Rfg7 26. Rc1 0-1